01061nam a2200289 i 450000100060000000300090000600500170001500700030003200800410003502000180007604000220009408000150011610000240013124501210015525000120027626000480028830000400033649000330037650000490040965000390045870000290049774000320052683000410055885200330059999900170063295201220064912889ES-MaACL20230906150430.0t|960916s1996 sp ||||0| spa j a84-7628-180-3 aM-BN bspa cM-BN a7.032(100)1 aRomer, John.99929016aLa[s] siete maravillas del mundo b: historia, leyendas e investigación arqueológica / cJohn y Elizabeth Romer. a1ª ed. aBarcelona : bEdiciones del Serbal, c1996. a248 p. : bil. col. y n. ; c25 cm.1 aLibros del buen andar ; v41 aTít. del lomo: Las 7 maravillas del mundo.14aSiete maravillas del mundo.9170911 aRomer, Elizabeth.9992894 aLas 7 maravillas del mundo.0 aLibros del buen andar ; v419177977 aES-MaACLjL-20234 bR.125658 c12889d12889 00104070aATENEOMbATENEOMcDEPO2d2008-01-17eSCl0oL-20234p1013128r2023-02-23 00:00:00w2023-02-23yMONOGRAFIA